[Event "Montevideo Duchamp Cup 5th"]
[Site "Montevideo"]
[Date "2022.02.15"]
[Round "5"]
[White "Montiel Caceres, Helen"]
[Black "Pinero, Ismael"]
[Result "1-0"]
[WhiteElo "1625"]
[BlackElo "1906"]
[PlyCount "109"]
[EventDate "2022.02.12"]
[EventType "swiss"]
[EventRounds "9"]
[EventCountry "URU"]
[SourceTitle "CBM 206 Extra"]
[Source "ChessBase"]
[SourceDate "2022.03.31"]
[SourceVersion "1"]
[SourceVersionDate "2022.03.31"]
[SourceQuality "1"]

1. d4 Nf6 2. c4 g6 3. Nc3 Bg7 4. e4 d6 5. h3 0-0 6. Be3 e5 7. d5 Nh5 8. g3 Na6 9. Be2 Nf6 10. g4 Bd7 11. Qd2 Nc5 12. f3 a5 13. h4 b6 14. h5 a4 15. h6 Bh8 16. Nh3 a3 17. b3 Ne8 18. Rg1 f6 19. Nf2 Qe7 20. Nd3 Kf7 21. b4 Nxd3+ 22. Bxd3 Rg8 23. Rb1 f5 24. g5 Qd8 25. c5 bxc5 26. bxc5 dxc5 27. Bxc5 Nd6 28. Ke2 Qc8 29. Rgc1 fxe4 30. Nxe4 Nxe4 31. Bxe4 Bf5 32. Qe3 Qa6+ 33. Kf2 Rgd8 34. Qb3 Rdb8 35. Bb4 Qb6+ 36. Kg2 Ke8 37. Rc6 Qd4 38. Rc4 Qb6 39. Qc2 Qe3 40. Bd2 Qe2+ 41. Kg3 Rxb1 42. Qxb1 Qxc4 43. Bxf5 gxf5 44. Qxf5 Qa6 45. Qxh7 e4 46. Qxh8+ Kd7 47. Qg7+ Kc8 48. h7 Qf1 49. h8Q+ Kb7 50. Qh5 Qd1 51. Qd4 Ra4 52. Qe3 Ra6 53. Qb3+ Qxb3 54. axb3 a2 55. Bc3 1-0

[Event "URU-chT Regional"]
[Site "Punta del Este"]
[Date "2020.11.01"]
[Round "4.4"]
[White "Romero, Juan"]
[Black "Pinero, Ismael"]
[Result "0-1"]
[WhiteElo "1385"]
[BlackElo "1882"]
[PlyCount "88"]
[EventDate "2020.10.31"]
[EventType "team-swiss"]
[EventRounds "5"]
[EventCountry "URU"]
[SourceTitle "CBM 199 Extra"]
[Source "ChessBase"]
[SourceDate "2021.01.31"]
[SourceVersion "1"]
[SourceVersionDate "2021.01.31"]
[SourceQuality "1"]
[WhiteTeam "Montevideo Piratas II"]
[BlackTeam "Canelones Rodas"]
[WhiteTeamCountry "URU"]
[BlackTeamCountry "URU"]

1. e4 d6 2. d4 Nf6 3. Nc3 g6 4. Be3 Bg7 5. Qd2 0-0 6. f3 c6 7. 0-0-0 b5 8. d5 b4 9. Nce2 c5 10. Bh6 Nbd7 11. Bxg7 Kxg7 12. h4 h5 13. Qg5 Nh7 14. Qe3 Ne5 15. Nh3 a5 16. Ng5 Nf6 17. Nf4 a4 18. c4 bxc3 19. Qxc3 Qb6 20. Nd3 Nxd3+ 21. Bxd3 Qb4 22. Qxb4 cxb4 23. Kd2 Bd7 24. Rc1 Rfc8 25. Rxc8 Rxc8 26. Rc1 Rc5 27. Rxc5 dxc5 28. f4 Ne8 29. Nf3 f6 30. Ke3 e6 31. Bc4 Nd6 32. Kd3 exd5 33. Bxd5 Bb5+ 34. Ke3 Kf8 35. Nd2 Ke7 36. Bg8 Bc6 37. g3 Bd7 38. Nc4 Nxc4+ 39. Bxc4 Bh3 40. e5 fxe5 41. fxe5 Be6 42. Bxe6 Kxe6 43. Ke4 c4 44. Kd4 c3 0-1

[Event "URU-chT Regional"]
[Site "Punta del Este"]
[Date "2020.10.31"]
[Round "2.3"]
[White "Gatti, Santiago"]
[Black "Pinero, Ismael"]
[Result "0-1"]
[WhiteElo "1691"]
[BlackElo "1882"]
[PlyCount "77"]
[EventDate "2020.10.31"]
[EventType "team-swiss"]
[EventRounds "5"]
[EventCountry "URU"]
[SourceTitle "CBM 199 Extra"]
[Source "ChessBase"]
[SourceDate "2021.01.31"]
[SourceVersion "1"]
[SourceVersionDate "2021.01.31"]
[SourceQuality "1"]
[WhiteTeam "Canelones Pando"]
[BlackTeam "Canelones Rodas"]
[WhiteTeamCountry "URU"]
[BlackTeamCountry "URU"]

1. d4 Nf6 2. Nf3 g6 3. Bf4 Bg7 4. Nc3 d6 5. e4 0-0 6. Be2 Nfd7 7. 0-0 Nc6 8. h3 Nxd4 9. Nxd4 e5 10. Be3 exd4 11. Bxd4 Nf6 12. Bf3 Re8 13. Re1 c6 14. Qd2 Be6 15. Rad1 Qe7 16. e5 Nd7 17. exd6 Qxd6 18. Ne4 Qxd4 19. Qxd4 Bxd4 20. Rxd4 Bd5 21. c4 Bxe4 22. Rdxe4 Kf8 23. Rxe8+ Rxe8 24. Rxe8+ Kxe8 25. b4 Ke7 26. Kf1 Ne5 27. Be2 Kd6 28. Ke1 c5 29. a3 b6 30. Kd2 Nc6 31. Kc3 Nd4 32. Bd1 Ke5 33. bxc5 bxc5 34. Kd3 f5 35. Ke3 g5 36. f3 f4+ 37. Kf2 h6 38. g3 Ne6 39. gxf4+ 0-1

[Event "Montevideo Duchamp Cup 4th"]
[Site "Montevideo"]
[Date "2020.02.13"]
[Round "7"]
[White "Aprahamian, Tomas"]
[Black "Pinero, Ismael"]
[Result "0-1"]
[WhiteElo "1415"]
[BlackElo "1914"]
[PlyCount "86"]
[EventDate "2020.02.08"]
[EventType "swiss"]
[EventRounds "9"]
[EventCountry "URU"]
[SourceTitle "CBM 194 Extra"]
[Source "ChessBase"]
[SourceDate "2020.03.31"]
[SourceVersion "1"]
[SourceVersionDate "2020.03.31"]
[SourceQuality "1"]

1. d4 Nf6 2. Nf3 g6 3. e3 Bg7 4. Be2 d6 5. 0-0 0-0 6. c4 Nbd7 7. Nc3 c5 8. b3 a6 9. Bb2 b6 10. Qc2 Bb7 11. d5 b5 12. Rad1 b4 13. Ne4 a5 14. Nxf6+ Nxf6 15. Nd2 e5 16. e4 Nd7 17. Bd3 a4 18. f4 axb3 19. axb3 Ra2 20. Qb1 Rxb2 21. Qxb2 exf4 22. Qb1 Bd4+ 23. Kh1 Be3 24. Nf3 Ne5 25. Nxe5 dxe5 26. Qc2 Bd4 27. Qe2 Bc8 28. Bc2 h5 29. Qe1 g5 30. Bd3 g4 31. Rc1 h4 32. Rc2 Qg5 33. Ra2 Kg7 34. Qe2 h3 35. g3 f3 36. Qe1 f5 37. exf5 Bxf5 38. Bxf5 Qxf5 39. Re2 f2 40. Rexf2 Bxf2 41. Rxf2 Qxf2 42. Qxe5+ Rf6 43. Qg5+ Kf8 0-1

[Event "Montevideo Duchamp Cup 4th"]
[Site "Montevideo"]
[Date "2020.02.10"]
[Round "4"]
[White "Michailov, Matias"]
[Black "Pinero, Ismael"]
[Result "1-0"]
[WhiteElo "2262"]
[BlackElo "1914"]
[PlyCount "73"]
[EventDate "2020.02.08"]
[EventType "swiss"]
[EventRounds "9"]
[EventCountry "URU"]
[SourceTitle "CBM 194 Extra"]
[Source "ChessBase"]
[SourceDate "2020.03.31"]
[SourceVersion "1"]
[SourceVersionDate "2020.03.31"]
[SourceQuality "1"]

1. e4 c5 2. Nf3 Nc6 3. d4 cxd4 4. Nxd4 Nf6 5. Nc3 e5 6. Ndb5 d6 7. Nd5 Nxd5 8. exd5 Nb8 9. a4 Be7 10. Be2 0-0 11. Bd2 f5 12. 0-0 a6 13. Na3 Nd7 14. a5 Kh8 15. Nc4 Nf6 16. Nb6 Rb8 17. f4 Qc7 18. Be3 exf4 19. Rxf4 Nd7 20. Ra3 Ne5 21. Bd4 Ng6 22. Rf1 Qd8 23. c4 Bf6 24. c5 Be5 25. c6 Rf7 26. Bh5 Bxd4+ 27. Qxd4 bxc6 28. dxc6 Be6 29. Bxg6 hxg6 30. Re1 Rf6 31. Qh4+ Kg8 32. Rae3 Rxb6 33. axb6 Qxb6 34. Qf2 Kf7 35. Rxe6 Qxf2+ 36. Kxf2 Rxe6 37. c7 1-0

[Event "Montevideo Duchamp Cup 4th"]
[Site "Montevideo"]
[Date "2020.02.09"]
[Round "3"]
[White "Amura, Claudia Noemi"]
[Black "Pinero, Ismael"]
[Result "1-0"]
[WhiteElo "2245"]
[BlackElo "1914"]
[PlyCount "79"]
[EventDate "2020.02.08"]
[EventType "swiss"]
[EventRounds "9"]
[EventCountry "URU"]
[SourceTitle "CBM 194 Extra"]
[Source "ChessBase"]
[SourceDate "2020.03.31"]
[SourceVersion "1"]
[SourceVersionDate "2020.03.31"]
[SourceQuality "1"]

1. d4 Nf6 2. c4 g6 3. Nc3 Bg7 4. e4 d6 5. Be2 0-0 6. Bg5 c6 7. Nf3 Nbd7 8. 0-0 e5 9. d5 c5 10. Qd2 a6 11. a3 b6 12. b4 Qc7 13. Ne1 Re8 14. Rb1 Rb8 15. Rb3 Nf8 16. Nc2 N6d7 17. Ne3 f6 18. Bh4 Bh6 19. Rfb1 Kf7 20. Na4 b5 21. Nb2 cxb4 22. axb4 f5 23. f3 bxc4 24. Nbxc4 Nb6 25. Na5 Na4 26. Bf2 fxe4 27. fxe4 Nd7 28. Rc1 Qxa5 29. bxa5 Rxb3 30. Bd1 Rb2 31. Rc2 Rb1 32. Qe2 Ndc5 33. Nc4 Nxe4 34. Qxe4 Rxd1+ 35. Be1 Ke7 36. Qh4+ g5 37. Qxh6 Rxe1+ 38. Kf2 Ra1 39. Qg7+ Kd8 40. Nxd6 1-0

[Event "Montevideo zt 2.5"]
[Site "Montevideo"]
[Date "2019.04.18"]
[Round "8"]
[White "Pinero, Ismael"]
[Black "Zaruski, Julio"]
[Result "1-0"]
[WhiteElo "1872"]
[BlackElo "1842"]
[PlyCount "185"]
[EventDate "2019.04.13"]
[EventType "swiss"]
[EventRounds "9"]
[EventCountry "URU"]
[SourceTitle "CBM 189 Extra"]
[Source "ChessBase"]
[SourceDate "2019.06.03"]
[SourceVersion "1"]
[SourceVersionDate "2019.06.03"]
[SourceQuality "1"]

1. e4 c5 2. Nf3 g6 3. d4 Bg7 4. Nc3 cxd4 5. Nxd4 Nc6 6. Be3 d6 7. Qd2 Nf6 8. f3 0-0 9. Bc4 e6 10. 0-0-0 d5 11. exd5 exd5 12. Bb3 Na5 13. Nde2 Nxb3+ 14. axb3 Re8 15. Bg5 Be6 16. Rhe1 Qa5 17. Kb1 d4 18. Nxd4 Rad8 19. Bxf6 Bxf6 20. Ne4 Qe5 21. Nxf6+ Qxf6 22. Qf2 Bd7 23. Rxe8+ Rxe8 24. Rd2 Re5 25. Ne2 Qe7 26. Nc3 b6 27. Re2 f6 28. f4 Rxe2 29. Qxe2 Qxe2 30. Nxe2 Kf7 31. Kc1 Ke6 32. Kd2 Kf5 33. Ke3 Kg4 34. h3+ Kh4 35. Kf2 Bc6 36. Nd4 Bd7 37. Nf3+ Kh5 38. c4 Kh6 39. b4 Kg7 40. Nd4 Kf7 41. Ke3 Ke7 42. c5 bxc5 43. bxc5 a5 44. Ke4 h5 45. Kd5 g5 46. fxg5 fxg5 47. Nc6+ Kf6 48. Ne5 Bb5 49. c6 Bf1 50. g4 hxg4 51. hxg4 Ke7 52. Nc4 Be2 53. Ne3 a4 54. Kc5 Kd8 55. Kb6 Kc8 56. Kc5 Kc7 57. Nd5+ Kb8 58. Nf6 Kc7 59. Ne4 Bf3 60. Nxg5 Bxc6 61. Ne6+ Kd7 62. Nf4 Bf3 63. g5 Ke7 64. Kd4 Kf7 65. Ke5 Bd1 66. g6+ Kg7 67. Kf5 Bc2+ 68. Kg5 Bb3 69. Nh5+ Kg8 70. Kf6 Bc4 71. Ng3 Kf8 72. Nf5 Bb3 73. Ne7 Ke8 74. g7 Kd7 75. Nf5 Bg8 76. Ke5 Bh7 77. Nh6 Kc6 78. Kd4 a3 79. bxa3 Kb5 80. Kc3 Ka4 81. Kb2 Ka5 82. g8Q Bxg8 83. Nxg8 Ka4 84. Nf6 Ka5 85. Kb3 Ka6 86. Kb4 Ka7 87. Kb5 Kb7 88. Nd5 Ka7 89. a4 Kb7 90. a5 Ka7 91. a6 Kb8 92. Kb6 Ka8 93. Nc7+ 1-0

[Event "Montevideo zt 2.5"]
[Site "Montevideo"]
[Date "2019.04.15"]
[Round "4"]
[White "Pinero, Ismael"]
[Black "Sosa Macho, Juan Manuel"]
[Result "0-1"]
[WhiteElo "1872"]
[BlackElo "2076"]
[PlyCount "79"]
[EventDate "2019.04.13"]
[EventType "swiss"]
[EventRounds "9"]
[EventCountry "URU"]
[SourceTitle "CBM 189 Extra"]
[Source "ChessBase"]
[SourceDate "2019.06.03"]
[SourceVersion "1"]
[SourceVersionDate "2019.06.03"]
[SourceQuality "1"]

1. e4 c5 2. Nf3 Nc6 3. d4 cxd4 4. Nxd4 Nf6 5. Nc3 e5 6. Ndb5 d6 7. Bg5 a6 8. Na3 b5 9. Bxf6 gxf6 10. Nd5 Bg7 11. c3 f5 12. exf5 Bxf5 13. Nc2 0-0 14. Nce3 Be6 15. Bd3 f5 16. Bc2 Ra7 17. Qh5 Qd7 18. g4 Bxd5 19. Nxd5 e4 20. Bb3 Kh8 21. gxf5 Rxf5 22. Qh3 Ne5 23. f4 Nd3+ 24. Ke2 Rxd5 25. Qxd7 Rxd7 26. Bxd5 Nxf4+ 27. Ke3 Nxd5+ 28. Kxe4 Nb6 29. Kf5 Re7 30. Rae1 Be5 31. Re2 a5 32. h4 Nd5 33. Re4 Nb6 34. b3 Kg7 35. Rg1+ Kf7 36. c4 bxc4 37. bxc4 Rc7 38. h5 Nxc4 39. h6 Rc5 40. Rf1 0-1

[Event "Montevideo zt 2.5"]
[Site "Montevideo"]
[Date "2019.04.13"]
[Round "1"]
[White "Carbone, Diego"]
[Black "Pinero, Ismael"]
[Result "0-1"]
[WhiteElo "2277"]
[BlackElo "1872"]
[PlyCount "130"]
[EventDate "2019.04.13"]
[EventType "swiss"]
[EventRounds "9"]
[EventCountry "URU"]
[SourceTitle "CBM 189 Extra"]
[Source "ChessBase"]
[SourceDate "2019.06.03"]
[SourceVersion "1"]
[SourceVersionDate "2019.06.03"]
[SourceQuality "1"]

1. d4 Nf6 2. c4 g6 3. g3 Bg7 4. Bg2 d6 5. Nc3 0-0 6. Nf3 a6 7. 0-0 Nc6 8. b3 e5 9. dxe5 dxe5 10. Ba3 Qxd1 11. Raxd1 Re8 12. Nd5 Nxd5 13. cxd5 Nd4 14. Nxd4 exd4 15. Bf3 g5 16. Rfe1 g4 17. Bg2 Bf5 18. Bc5 Bc2 19. Rc1 d3 20. exd3 Bxd3 21. Be3 Be5 22. Red1 Bf5 23. d6 c6 24. Bb6 Bd7 25. Bf1 Kg7 26. Bc4 Bf6 27. Kf1 Re5 28. a4 h5 29. Bd4 Re4 30. Bc5 h4 31. Be3 hxg3 32. hxg3 Rae8 33. Bd3 R4e5 34. Rc5 Rh8 35. Ke2 Rhh5 36. Rxe5 Rxe5 37. Rh1 Re6 38. Kf1 Rxd6 39. Bh6+ Kg8 40. Bh7+ Kh8 41. Bc2 Kg8 42. Bh7+ Kh8 43. Kg2 Be6 44. Be4 Kg8 45. Bf4 Rd8 46. Rh5 Bd5 47. f3 gxf3+ 48. Kxf3 Bxb3 49. Rf5 Kg7 50. a5 Bd5 51. g4 Bxe4+ 52. Kxe4 Rd4+ 53. Ke3 Rd5 54. Ke4 Rxf5 55. gxf5 Bd8 56. Bd2 Bc7 57. Bc3+ Kf8 58. Bb4+ Ke8 59. f6 Kd7 60. Kf5 b6 61. axb6 Bxb6 62. Ba3 a5 63. Be7 Bd4 64. Ba3 Bc3 65. Bc5 Bb2 0-1

[Event "American Continental 14th"]
[Site "Montevideo"]
[Date "2018.06.07"]
[Round "8"]
[White "Pinero, Ismael"]
[Black "Torres Acosta, Raul"]
[Result "1-0"]
[WhiteElo "1883"]
[BlackElo "1676"]
[PlyCount "135"]
[EventDate "2018.06.01"]
[EventType "swiss"]
[EventRounds "11"]
[EventCountry "URU"]
[SourceTitle "CBM 184 Extra"]
[Source "ChessBase"]
[SourceDate "2018.06.28"]
[SourceVersion "1"]
[SourceVersionDate "2018.06.28"]
[SourceQuality "1"]

1. e4 e5 2. Nf3 Nc6 3. Bb5 Bc5 4. c3 d6 5. 0-0 Bd7 6. d3 h6 7. Qe2 Qf6 8. Rd1 Nge7 9. a4 Bg4 10. Nbd2 a6 11. Bc4 Ng6 12. b4 Nf4 13. Qf1 Qg6 14. bxc5 h5 15. Nh4 Qf6 16. Ndf3 g5 17. Nf5 Bxf3 18. gxf3 g4 19. Bxf4 exf4 20. cxd6 Ne5 21. Rab1 Qg5 22. Rxb7 gxf3+ 23. Kh1 Rg8 24. Ng3 h4 25. Qh3 Ng4 26. Rf1 hxg3 27. fxg3 Rg6 28. Qh4 fxg3 29. Qxg3 Nf2+ 30. Qxf2 Qg2+ 31. Qxg2 fxg2+ 32. Kg1 gxf1Q+ 33. Kxf1 Rxd6 34. Rxc7 Rf6+ 35. Ke2 Rb8 36. Ra7 Rb2+ 37. Ke3 Rxh2 38. Bxa6 Rh3+ 39. Kd4 Rd6+ 40. Ke5 Re6+ 41. Kd5 Rh5+ 42. Kc4 Rh4 43. Bb5+ Kf8 44. Ra8+ Ke7 45. Ra7+ Kf8 46. Kb3 Rb6 47. c4 Rh3 48. Kc3 Rh5 49. Rd7 Rc5 50. Kb4 Rc8 51. a5 Rbb8 52. a6 Kg7 53. e5 Kg6 54. d4 f5 55. exf6 Kxf6 56. d5 Ke5 57. Ka5 Kd4 58. a7 Ra8 59. Kb6 Rf8 60. Bc6 Rac8 61. c5 Rg8 62. a8Q Rxa8 63. Bxa8 Rxa8 64. c6 Ra2 65. c7 Rb2+ 66. Kc6 Rc2+ 67. Kd6 Rc5 68. Ke7 1-0

[Event "Montevideo Duchamp Cup 2nd"]
[Site "Montevideo"]
[Date "2018.02.04"]
[Round "5"]
[White "Pinero, Ismael"]
[Black "Perez, Cecilia Manuela"]
[Result "1-0"]
[WhiteElo "1911"]
[BlackElo "1569"]
[PlyCount "147"]
[EventDate "2018.02.02"]
[EventType "swiss"]
[EventRounds "9"]
[EventCountry "URU"]
[SourceTitle "CBM 182 Extra"]
[Source "ChessBase"]
[SourceDate "2018.02.23"]
[SourceVersion "1"]
[SourceVersionDate "2018.02.23"]
[SourceQuality "1"]

1. e4 e6 2. d4 d5 3. Nc3 dxe4 4. Nxe4 Bd7 5. Nf3 Bc6 6. Ned2 Nf6 7. Bd3 Be7 8. 0-0 0-0 9. Re1 b6 10. c3 Bb7 11. Nc4 Nbd7 12. Bf4 c5 13. Qe2 cxd4 14. cxd4 Nd5 15. Bd2 N7f6 16. a3 Rc8 17. Nce5 Qc7 18. Ng5 Bd6 19. f4 h6 20. Rac1 Qe7 21. Rxc8 Bxc8 22. Ngf3 Bd7 23. g4 Rc8 24. g5 Nh5 25. Qe4 f5 26. gxf6 Nhxf6 27. Qg6 Be8 28. Qg3 Nh5 29. Qg4 Nhf6 30. Qh4 Nh5 31. Qxe7 Bxe7 32. f5 exf5 33. Bxf5 Rd8 34. Be6+ Kf8 35. Rf1 Bf6 36. Rc1 Nhf4 37. Bxf4 Nxf4 38. Bc4 Rc8 39. Rc2 b5 40. Bb3 Rxc2 41. Bxc2 Bxe5 42. dxe5 Ke7 43. Nd4 Bd7 44. Kf2 Ne6 45. Nf5+ Kf8 46. Bb3 Kg8 47. Bxe6+ Bxe6 48. Nd4 Kf7 49. Nxb5 Bd5 50. Nd4 g5 51. b4 a6 52. Kg3 h5 53. a4 Bc4 54. b5 axb5 55. axb5 Bxb5 56. Nxb5 Ke6 57. Kf3 Kxe5 58. Nc3 Kf5 59. Ne4 g4+ 60. Ke3 h4 61. Nd2 g3 62. h3 Kg5 63. Ke4 Kh5 64. Kf5 g2 65. Nf3 g1Q 66. Nxg1 Kh6 67. Kf4 Kg6 68. Nf3 Kh6 69. Nxh4 Kh7 70. Kg5 Kg7 71. Nf5+ Kh7 72. h4 Kg8 73. Kg6 Kh8 74. Nd6 1-0

[Event "URU-chT Provinces"]
[Site "Montevideo"]
[Date "2017.08.27"]
[Round "5.3"]
[White "Cerrato, Alex"]
[Black "Pinero, Ismael"]
[Result "0-1"]
[WhiteElo "1992"]
[BlackElo "1896"]
[PlyCount "74"]
[EventDate "2017.08.25"]
[EventType "team-swiss"]
[EventRounds "5"]
[EventCountry "URU"]
[SourceTitle "EXT 2019"]
[Source "ChessBase"]
[SourceDate "2018.10.10"]
[SourceVersion "1"]
[SourceVersionDate "2018.10.10"]
[SourceQuality "1"]
[WhiteTeam "Montevideo Gripe"]
[BlackTeam "Montevideo"]
[WhiteTeamCountry "URU"]
[BlackTeamCountry "URU"]

1. d4 Nf6 2. c4 g6 3. Nc3 Bg7 4. e4 d6 5. f4 0-0 6. Nf3 Na6 7. e5 dxe5 8. fxe5 Nd7 9. Bd3 c5 10. Be3 cxd4 11. Bxd4 Ndc5 12. Bc2 Bg4 13. Ne4 Bxf3 14. gxf3 Ne6 15. Bc3 Qc7 16. f4 Nxf4 17. Qf3 Bxe5 18. Bxe5 Qxe5 19. 0-0-0 Ne6 20. Rd5 Qc7 21. Kb1 Nb4 22. Rd2 Nxc2 23. Rxc2 Nd4 24. Qc3 Nxc2 25. Qxc2 Qe5 26. h4 Rad8 27. h5 Rd4 28. Nd2 Qe2 29. hxg6 fxg6 30. Rg1 Rd3 31. Nb3 Rf1+ 32. Rxf1 Qxf1+ 33. Nc1 Rd1 34. b4 Rxc1+ 35. Qxc1 Qxc1+ 36. Kxc1 Kf7 37. Kd2 Ke6 0-1

[Event "URU-chT Provinces"]
[Site "Montevideo"]
[Date "2017.08.26"]
[Round "4.3"]
[White "Pinero, Ismael"]
[Black "Chinelli, Gabriel"]
[Result "1-0"]
[WhiteElo "1896"]
[BlackElo "1653"]
[PlyCount "139"]
[EventDate "2017.08.25"]
[EventType "team-swiss"]
[EventRounds "5"]
[EventCountry "URU"]
[SourceTitle "EXT 2019"]
[Source "ChessBase"]
[SourceDate "2018.10.10"]
[SourceVersion "1"]
[SourceVersionDate "2018.10.10"]
[SourceQuality "1"]
[WhiteTeam "Montevideo"]
[BlackTeam "Canelones Pando"]
[WhiteTeamCountry "URU"]
[BlackTeamCountry "URU"]

1. e4 e5 2. Nf3 d6 3. Bc4 Nf6 4. d3 Be7 5. c3 0-0 6. Bb3 a5 7. a4 Bg4 8. Nbd2 Nbd7 9. h3 Bxf3 10. Qxf3 Nc5 11. Bc2 Ne6 12. Nf1 c6 13. Ng3 Ne8 14. h4 g6 15. h5 Bg5 16. hxg6 fxg6 17. Qg4 Qf6 18. f3 Bxc1 19. Rxc1 Nf4 20. Nh5 Nxh5 21. Rxh5 Qf4 22. Qxf4 Rxf4 23. Rh2 Ng7 24. Kf2 Raf8 25. Rch1 Nh5 26. Bd1 Kg7 27. Rh4 Rxh4 28. Rxh4 Nf4 29. Bc2 g5 30. Rh1 Rh8 31. g3 Ng6 32. d4 h5 33. dxe5 dxe5 34. Rd1 Rf8 35. Rd7+ Rf7 36. Rxf7+ Kxf7 37. b4 b6 38. Bb3+ Kf6 39. Bc4 h4 40. Kg2 c5 41. bxa5 bxa5 42. Kh3 hxg3 43. Kxg3 Nf8 44. Kf2 Ke7 45. Ke3 Kd6 46. Kd3 Nd7 47. Bb5 Nb6 48. Ke3 Ke7 49. Kf2 Nc8 50. Kg3 Nd6 51. Bd3 Kf6 52. Kg4 Nc8 53. Kh5 Ne7 54. Kh6 Ng6 55. Kh7 Nf8+ 56. Kg8 Ng6 57. Bc4 Nh4 58. Be2 Ng6 59. Bd1 Nh4 60. Kf8 Ng6+ 61. Ke8 Nf4 62. Kd7 Nd3 63. Kc6 Nb2 64. Bc2 c4 65. Kb5 Ke7 66. Kxa5 Kd8 67. Kb6 Kc8 68. a5 Nd3 69. a6 Kb8 70. Ba4 1-0

[Event "URU-chT Provinces"]
[Site "Montevideo"]
[Date "2017.08.25"]
[Round "2.3"]
[White "Pinero, Ismael"]
[Black "Durante, Aurelio"]
[Result "1-0"]
[WhiteElo "1896"]
[BlackElo "2031"]
[PlyCount "115"]
[EventDate "2017.08.25"]
[EventType "team-swiss"]
[EventRounds "5"]
[EventCountry "URU"]
[SourceTitle "EXT 2019"]
[Source "ChessBase"]
[SourceDate "2018.10.10"]
[SourceVersion "1"]
[SourceVersionDate "2018.10.10"]
[SourceQuality "1"]
[WhiteTeam "Montevideo"]
[BlackTeam "Canelones"]
[WhiteTeamCountry "URU"]
[BlackTeamCountry "URU"]

1. e4 e5 2. Nf3 Nc6 3. Bb5 a6 4. Ba4 Nf6 5. d3 d6 6. c3 Be7 7. 0-0 0-0 8. Qe2 b5 9. Bc2 Bg4 10. Rd1 Re8 11. Nbd2 d5 12. Nf1 d4 13. h3 Bh5 14. Ng3 Bg6 15. Nh4 Nd7 16. Nhf5 Bg5 17. Bd2 Nc5 18. cxd4 exd4 19. f4 Bh4 20. Qf3 Bxg3 21. Nxg3 h6 22. b4 Nd7 23. Bb3 a5 24. Bd5 Ra6 25. bxa5 Nxa5 26. a4 c6 27. axb5 cxb5 28. Ra2 Nc5 29. Rda1 Na4 30. f5 Bh7 31. Nh5 Qh4 32. g3 Qd8 33. Qg4 g5 34. fxg6 Rxg6 35. Qf3 Rf8 36. Bb4 Nc6 37. Bxc6 Rxc6 38. Bxf8 Qxf8 39. e5 Rg6 40. Rxa4 bxa4 41. Rxa4 Rb6 42. Nf6+ Kg7 43. Qg4+ Bg6 44. Qxd4 Rb1+ 45. Kf2 Qc8 46. Rc4 Qf5+ 47. Ke3 Re1+ 48. Kd2 Rxe5 49. Ng4 f6 50. Rc7+ Bf7 51. Nxe5 Qg5+ 52. Qf4 Qxe5 53. Qxe5 fxe5 54. Ke3 Kf6 55. Rxf7+ Kxf7 56. Ke4 Ke6 57. g4 Kf6 58. h4 1-0

[Event "URU-chTA"]
[Site "Uruguay"]
[Date "2017.07.08"]
[Round "2.3"]
[White "Lima Abadal, Nicolas"]
[Black "Pinero, Ismael"]
[Result "0-1"]
[WhiteElo "1578"]
[BlackElo "1906"]
[PlyCount "73"]
[EventDate "2017.07.07"]
[EventType "team-swiss"]
[EventRounds "5"]
[EventCountry "URU"]
[SourceTitle "EXT 2018"]
[Source "ChessBase"]
[SourceDate "2017.10.13"]
[SourceVersion "1"]
[SourceVersionDate "2017.10.13"]
[SourceQuality "1"]
[WhiteTeam "San Jose"]
[BlackTeam "Trebejos II"]
[WhiteTeamCountry "URU"]
[BlackTeamCountry "URU"]

1. e4 c5 2. Nf3 Nc6 3. d4 cxd4 4. Nxd4 e5 5. Nb5 a6 6. Nd6+ Bxd6 7. Qxd6 Qf6 8. Qxf6 Nxf6 9. Bd3 d5 10. Nc3 d4 11. Ne2 h6 12. f4 Nd7 13. Bd2 0-0 14. 0-0 b5 15. a3 f6 16. Rf3 exf4 17. Bxf4 Nde5 18. Rg3 Kh7 19. Rd1 Be6 20. c3 Bb3 21. Rc1 Nxd3 22. Rxd3 Bc4 23. Rd2 d3 24. Ng3 g6 25. Nh1 Na5 26. Rcd1 Nb3 27. Rf2 Rfe8 28. Ng3 h5 29. h4 Re6 30. Re1 Rae8 31. Bd2 Kg7 32. Rd1 Nc5 33. Bc1 Nxe4 34. Nxe4 Rxe4 35. Bd2 Rxh4 36. Rf4 Rxf4 37. Bxf4 0-1

[Event "URU-ch sf"]
[Site "Montevideo"]
[Date "2017.02.27"]
[Round "7"]
[White "Pinero, Ismael"]
[Black "Figueroa, Alfonso"]
[Result "1/2-1/2"]
[WhiteElo "1961"]
[BlackElo "1801"]
[PlyCount "64"]
[EventDate "2017.02.24"]
[EventType "swiss"]
[EventRounds "8"]
[EventCountry "URU"]
[SourceTitle "EXT 2018"]
[Source "ChessBase"]
[SourceDate "2017.10.13"]
[SourceVersion "1"]
[SourceVersionDate "2017.10.13"]
[SourceQuality "1"]

1. e4 e6 2. d4 d5 3. Nc3 dxe4 4. Nxe4 Bd7 5. Nf3 Bc6 6. Bd3 Nd7 7. 0-0 Ngf6 8. Ng3 Bxf3 9. Qxf3 c6 10. Re1 Be7 11. Bd2 0-0 12. c4 Re8 13. Bc3 Nf8 14. Rad1 Qb6 15. b4 a6 16. Nh5 Nxh5 17. Qxh5 Bf6 18. c5 Qc7 19. a3 Rad8 20. Bc2 Rd5 21. Qg4 Ng6 22. Bb3 Rdd8 23. Qe4 Qd7 24. f4 Ne7 25. g4 g6 26. h3 Nd5 27. Bxd5 exd5 28. Qf3 Rxe1+ 29. Rxe1 Re8 30. Rxe8+ Qxe8 31. Kf1 Bg7 32. Qe2 Qxe2+ 1/2-1/2

[Event "URU-ch sf"]
[Site "Montevideo"]
[Date "2017.02.26"]
[Round "4"]
[White "Sosa Macho, Juan Manuel"]
[Black "Pinero, Ismael"]
[Result "1-0"]
[WhiteElo "2115"]
[BlackElo "1961"]
[PlyCount "64"]
[EventDate "2017.02.24"]
[EventType "swiss"]
[EventRounds "8"]
[EventCountry "URU"]
[SourceTitle "CBM 177 Extra"]
[Source "ChessBase"]
[SourceDate "2017.04.27"]
[SourceVersion "1"]
[SourceVersionDate "2017.04.27"]
[SourceQuality "1"]

1. d4 Nf6 2. c4 g6 3. Nc3 Bg7 4. e4 d6 5. f3 0-0 6. Be3 e5 7. Nge2 Nbd7 8. Qd2 c6 9. 0-0-0 Qa5 10. Kb1 a6 11. Nd5 Qxd2 12. Ne7+ Kh8 13. Rxd2 Re8 14. Nxc8 Raxc8 15. dxe5 dxe5 16. c5 h6 17. Nc3 Nf8 18. Bc4 Ne6 19. Bxe6 Rxe6 20. Na4 Re7 21. Nb6 Rce8 22. Rhd1 Kh7 23. Kc2 g5 24. g4 Bf8 25. Kb3 Kg7 26. Ka4 Rc7 27. Ka5 Ree7 28. a4 Re8 29. Nc4 Ree7 30. Nd6 Kg6 31. Nc4 Kg7 32. Kb6 Rcd7 1-0

[Event "Montevideo Duchamp Cup 1st"]
[Site "Montevideo"]
[Date "2017.02.12"]
[Round "6"]
[White "Pinero, Ismael"]
[Black "Nakle, Gonzalo"]
[Result "0-1"]
[WhiteElo "1961"]
[BlackElo "1716"]
[PlyCount "36"]
[EventDate "2017.02.09"]
[EventType "swiss"]
[EventRounds "9"]
[EventCountry "URU"]
[SourceTitle "CBM 176 Extra"]
[Source "ChessBase"]
[SourceDate "2017.03.02"]
[SourceVersion "1"]
[SourceVersionDate "2017.03.02"]
[SourceQuality "1"]

1. e4 c5 2. Nf3 d6 3. d4 cxd4 4. Nxd4 Nf6 5. Nc3 e6 6. f3 Be7 7. Be3 a6 8. Qd2 Qc7 9. g4 0-0 10. 0-0-0 Nc6 11. h4 Rd8 12. g5 Ne8 13. h5 Ne5 14. Qg2 b5 15. f4 b4 16. Nb1 Nc4 17. Bxc4 Qxc4 18. g6 b3 0-1